000 00516nam a2200181Ia 4500
008 090124s9999 xx 000 0 und d
082 _b121580
100 _aपाटील दिनकर द
245 _a पाटलाचा पोर
250 _a1
260 _c1986
300 _a331
600 _aपाटील दिनकर द
630 _a पाटलाचा पोर
700 _aपाटील दिनकर द
730 _a पाटलाचा पोर
942 _cBOOK
999 _c167666
_d167666